Teoría de la expresión poética
Gardado en:
| Autor Principal: | |
|---|---|
| Formato: | Libro |
| Idioma: | Undetermined |
| Publicado: |
Madrid, España
Gredos
1970
|
| Edición: | 5 |
| Materias: | |
| Etiquetas: |
Engadir etiqueta
Sen Etiquetas, Sexa o primeiro en etiquetar este rexistro!
|
MARC
| LEADER | 00000nam a2200000Ia 4500 | ||
|---|---|---|---|
| 008 | 170316s9999 xx 000 0 und d | ||
| 090 | |a 801 B-25t | ||
| 100 | |a Bousoño, Carlos | ||
| 245 | |a Teoría de la expresión poética | ||
| 250 | |a 5 | ||
| 260 | |a Madrid, España | ||
| 260 | |b Gredos | ||
| 260 | |c 1970 | ||
| 300 | |a 392 páginas | ||
| 650 | |a TEORÍA LITERARIA | ||
| 999 | |c 20079 |d 20079 | ||
| 040 | |a cru BVZT | ||
| 942 | |c 15 D |h 801 B-25t |2 z | ||
